000 00485 a2200121 4500
001 ART_3202
005 20260410161713.0
008 260409a
245 1 0 _aEconomía de enclave y satelización del mercado de trabajo rural. El caso de los trabajadores con empleo precario en un ingenio azucarero del noroeste argentino
100 1 _aBisio, Raúl H.
700 1 _aForni, Floreal H.
773 0 _tDesarrollo económico
_g- Vol. 16, Nº 61 (abr./jun. 1976)
_wREV1174
999 _c16234
_d16234